Estadísticas para Inmigración total de EE. UU. por país

Haz click aquí para intentar la prueba.

Estadísticas generales

  • Esta prueba ha sido intentada 4.656 veces
  • La puntuación promedio es 17 de 25

Estadísticas de respuestas

NúmeroPicoPaís% Correcto
9.346.5271990México
99%
2.853.6922010China
94%
5.584.2871880Reino Unido
91%
7.353.4981880Alemania
89%
4.067.5711900Rusia
89%
923.7571850Francia
88%
5.505.4131900Italia
86%
4.914.2801920Canadá
85%
1.718.3142010Cuba
84%
2.113.9852020India
82%
854.8182000Colombia
81%
4.814.0151850Irlanda
73%
934.6221980Polonia
67%
1.214.8361980Corea del Sur
64%
1.299.3341900Suecia
58%
780.0141880Noruega
55%
1.669.7822010República Dominicana
54%
813.6372000Haití
52%
746.4111910Grecia
51%
1.263.9132010Vietnam
50%
2.569.5522000Filipinas
48%
969.7672010Jamaica
43%
1.887.4681900Austria
41%
946.3751990El Salvador
39%
1.698.7431900Hungría
31%

Distribución de puntuación

Porcentaje por número respondido

Porcentaje de gente con cada puntuación

Historial de tus puntuaciones

No has intentado esta prueba.